书目信息 |
| 题名: |
图表细说电子工程师识图速成手册
|
|
| 作者: | 胡斌 编著 | |
| 分册: | ||
| 出版信息: | 北京 电子工业出版社 2007.09 |
|
| 页数: | 709页 | |
| 开本: | 26cm | |
| 丛书名: | 图表细说系列丛书 | |
| 单 册: | ||
| 中图分类: | TN702 | |
| 科图分类: | ||
| 主题词: | 电子电路--dian zi dian lu--识图法--图解 | |
| 电子资源: | ||
| ISBN: | 978-7-121-04975-0 | |
| 000 | 01033nam 2200253 450 | |
| 001 | 012008704209 | |
| 005 | 20080807110312.93 | |
| 010 | @a978-7-121-04975-0@dCNY69.00 | |
| 100 | @a20080807d2007 em y0chiy0120 ea | |
| 101 | 0 | @achi |
| 102 | @aCN@b110000 | |
| 105 | @aak z 000yy | |
| 106 | @ar | |
| 200 | 1 | @a图表细说电子工程师识图速成手册@Atu biao xi shuo dian zi gong cheng shi shi tu su cheng shou ce@f胡斌编著@Fhu bin bian zhu |
| 210 | @a北京@c电子工业出版社@d2007.09 | |
| 215 | @a709页@c图@d26cm | |
| 225 | 2 | @a图表细说系列丛书@Atu biao xi shuo xi lie cong shu |
| 330 | @a本书系统而详尽地讲述电子电路分析方法、思路,列举了几十个大类、数百种电子电路的工作原理,极具系统性和规模性。通过学习,读者会在掌握元器件主要特性的基础上,建立明确而具体的电路分析方法和思路,快速而有效地提高自己对电路的分析能力。 | |
| 410 | 0 | @12001 @a图表细说系列丛书 |
| 606 | 0 | @a电子电路@Adian zi dian lu@x识图法@j图解 |
| 690 | @aTN702@v4 | |
| 701 | 0 | @a胡斌@Ahu bin@4编著 |
| 801 | 0 | @aCN@bQSSK@c20080807 |
| 905 | @b732237-39@dTN702@eH455@f3 | |
| 图表细说电子工程师识图速成手册/胡斌编著.-北京:电子工业出版社,2007.09 |
| 709页:图;26cm.-(图表细说系列丛书) |
| ISBN 978-7-121-04975-0:CNY69.00 |
| 本书系统而详尽地讲述电子电路分析方法、思路,列举了几十个大类、数百种电子电路的工作原理,极具系统性和规模性。通过学习,读者会在掌握元器件主要特性的基础上,建立明确而具体的电路分析方法和思路,快速而有效地提高自己对电路的分析能力。 |
| ● |
| 相关链接 |
|
|
|
正题名:图表细说电子工程师识图速成手册
索取号:TN702/H455
 
预约/预借
| 序号 | 登录号 | 条形码 | 馆藏地/架位号 | 状态 | 备注 |
| 1 | 732237 | 207322379 | 自科库301/301自科库 29排1列5层/ [索取号:TN702/H455] | 在馆 | |
| 2 | 732238 | 207322388 | 自科库301/301自科库 29排1列5层/ [索取号:TN702/H455] | 在馆 | |
| 3 | 732239 | 207322397 | 自科库301/404自科库 15排2列3层/ [索取号:TN702/H455] | 在馆 |